[Event "HUN-ch"]
[Site "Lillafured"]
[Date "1999.02.08"]
[Round "8"]
[White "Acs, Peter"]
[Black "Farago, Ivan"]
[Result "1-0"]
[WhiteElo "2521"]
[BlackElo "2533"]
[Annotator "Ribli,Z"]
[PlyCount "71"]
[EventDate "1999.02.01"]
[EventType "tourn"]
[EventRounds "9"]
[EventCountry "HUN"]
[EventCategory "13"]
[SourceTitle "CBM 070"]
[Source "ChessBase"]
[SourceDate "1999.06.08"]
[SourceVersion "1"]
[SourceVersionDate "1999.06.08"]
[SourceQuality "1"]

{[%mdl 4104]} 1. e4 c5 {Die andere Hauptwaffe von Großmeister Farago ist die
Französische Verteidigung. Ribli.} 2. Nf3 e6 3. d4 cxd4 4. Nxd4 a6 5. Bd3 Nf6 {
Der routinierte schwarze Spieler, übrigens der Analysepartner von Sax, möchte
nicht die Variante 5...Bc5 wiederholen (siehe die Partie Acs - Sax, 3. Runde
des Turniers).} 6. O-O d6 {Diese Fortsetzung ist genügsam. Mehr Hoffnungen für
Schwarz bietet 6...Qc7 und im Falle von z.B. 7.c4 (7.Qe2 ist die beste
Möglichkeit für Weiss.) kann Schwarz 7...Nc6 8.Nxc6 dxc6 spielen und der
f8-Läufer kann nach c5 gelangen.} 7. c4 {Weiß gewinnt Raum im Zentrum. Die
Alternative wäre 7.Nc3.} Bd7 8. Nc3 Nc6 9. Be3 (9. Nxc6 Bxc6 10. Qe2 Be7 11. b3
O-O 12. Bb2 Qa5 13. f4 (13. a3 Rfe8 (13... Qh5) 14. Rad1 Rac8 15. b4 Qh5 16.
Qd2 Red8 17. Rfe1 Be8 18. Re3 Qg5 19. Ne2 $11) 13... Qh5 $5 14. Qxh5 Nxh5 15.
Rad1 (15. Be2) 15... Rfd8 16. Be2 Nf6 17. Bf3 Nd7 18. Ba3 Nc5 19. Kf2 b6 20.
Rd2 $11) 9... Ne5 (9... Be7 10. f4 (10. Be2) 10... Nxd4 11. Bxd4 e5 12. fxe5
dxe5 13. Bxe5 Ng4 14. Bd4 $14 (14. Bf4 Bc5+ 15. Kh1 Nf2+ 16. Rxf2 Bxf2 17. Nd5
$13)) 10. Be2 Be7 {Wir haben eine typische Igelstellung. Weiß hat großen
Raumvorteil im Zentrum, aber die feste schwarze Stellung weist keine Schwächen
auf.} (10... Rc8 11. f4 $5 Nxc4 12. Bxc4 Rxc4 13. e5 Ng8 (13... Rxc3 14. bxc3
Nd5 15. Qf3 Qc7 16. f5 {1-0 Liang Jinrong-Garbett,P/Asia zt 1990/EXT 97 (43)})
14. Qe2 (14. exd6 Bxd6 15. Nf5 Bf8 16. Re1 Nh6 17. Nxh6 gxh6 18. Qd3 Rc6 19.
Bd4 Bc8 20. Ne4 Be7 21. Rad1 Rg8 22. f5 $44 {1/2-1/2 Hartikainen,M-Kivisto,M/
FIN-chT 1995/EXT 98 (33)}) 14... d5 15. f5 Bc5 16. fxe6 Bxe6 17. Nxe6 Bxe3+ 18.
Qxe3 fxe6 19. b3 Rc6 20. Ne2 {1-0 Renet,O-Adamski,J/Katowice 1992/TD (31)}) 11.
f4 Ng6 {[%csl Gg6] Der Springer g6 steht auf ersten Blick unglücklich, aber in
Wirklichkeit provoziert Schwarz den Zug f4-f5, nach dem er ein schönes
Springerfeld auf e5 bekommt.} 12. Kh1 (12. a4) 12... O-O 13. Qe1 $5 $146 {
Das war hier die von Weiß vorbereitete Neuerung.} (13. Qd2 e5 $1 14. fxe5 (14.
Nf5 exf4 $1 (14... Nxe4 $2 15. Nxe7+ (15. Nxe4 $2 Bxf5) 15... Qxe7 16. Nxe4
exf4 17. Bxf4 Qxe4 18. Bxd6 $16 {[%cal Re2f3,Rf3b7]}) 15. Bxf4 Bxf5 16. exf5
Nxf4 17. Rxf4 (17. Qxf4 d5 18. Rad1 Qb6 $132) 17... d5 $8 18. cxd5 Bd6 19. Rff1
Be5 $44 {[%csl Ge5] Schwarz hat Spiel auf den schwarzen Feldern. Er plant ...
Qd6, ...Rfe8, ...Rac8 zu spielen.}) 14... dxe5 15. Nf5 Bb4 $1 {[%csl Re4][%cal
Rf6e4,Gb4d2]} 16. Bf3 $1 (16. Bd3 Bxf5 (16... Bc6 17. Qc2 Bxc3 18. bxc3 $16 {
[%csl Gf5]}) 17. exf5 (17. Rxf5 Ng4) 17... e4 $5 $13 (17... Nf4 18. Bxf4 exf4
19. Rxf4 Qd6 20. Raf1 Rad8 $44)) (16. Bg5 $2 Bxc3 17. Qxc3 Nxe4 $19) 16... Be6
17. Qxd8 $8 Raxd8 18. Nd5 Nxd5 19. cxd5 Bxf5 20. exf5 Ne7 {Acs,P-Fogarasi,T/
Budapest 1998/Inf 71/[Fogarasi,T] (27)}) 13... Rc8 (13... e5 14. fxe5 dxe5 15.
Nf5 Bb4 16. Bg5 $40 {Das ist die Hauptidee hinter 13.Qe1, denn mit 13.Qd2 wäre
dieser Zug ganz schlecht wegen 16...Bxc3 17.Qxc3 Nxe4.}) 14. Rd1 $14 {[%cal
Gd1d8] Weiß hat eine harmonische Stellung und aktives Figurenspiel.} Kh8 {
Ein prophylaktischer Zug. Schwarz möchte 15...Qa5 spielen und vermeidet Motive
mit Nc3-d5, wonach der e7-Läufer mit Schach hängt.} (14... Qc7 $14) (14... Qa5
15. f5 $5 (15. a3 $14) (15. Nd5 $6 Qxe1 16. Nxf6+ (16. Nxe7+ Nxe7 17. Rfxe1
Nxe4 $17) 16... Bxf6 17. Rfxe1 e5 $11) 15... Ne5 16. Nd5 Qd8 17. fxe6 fxe6 18.
Nf4 $40) 15. b3 Qa5 {[%cal Gb7b5,Ga5c3] Schwarz droht 16...b5.} 16. a4 e5 {
Schwarz offnet das Spiel und führt so Komplikationen herbei. Es wäre auch
interessant, die Stellung mit Wartezügen zu halten.} (16... Rfe8 $5 {[%cal
Ge8e1]}) 17. fxe5 dxe5 18. Nf5 {[%csl Gf5]} Bb4 $13 (18... Bxf5 19. Rxf5 $14 (
19. exf5 $6 Bb4 20. Bd2 Nf4 21. Bf3 Rcd8 $15)) 19. Bd2 Bxf5 (19... Nf4 $5 $13)
20. Rxf5 Rcd8 (20... Nf4 21. Bxf4 Bxc3 22. Qh4 $36) 21. Nd5 $1 $14 Bxd2 (21...
Nxd5 22. exd5 Bxd2 23. Qxd2 $14 (23. Rxd2 $14 {Wir haben mit Zugumstellung die
Partiefortsetzung.})) 22. Rxd2 Nxd5 (22... Nxe4 $2 23. b4 {[%csl Ra5]} Qxa4 24.
Bd1 $18 {[%cal Rd1a4,Re1e4]}) 23. exd5 {Weiß hat eine starke Bauernkette
a4-b3-c4-d5, während die schwarze Bauernmehrheit am Königsflügel nicht
gefährlich ist.} f6 {Schwarz möchte 24...Nf4 ziehen, wonach der Turm f5
gefangen wäre.} 24. Rf1 e4 $6 {[%csl Re4] Psychologisch ist es logisch, daß
Schwarz seine Bauern am Königsflügel mobilisieren möchte, aber letztlich wird
dieser Bauer schwach.} (24... Qb4 $5) (24... Qc5 $5) 25. Rd4 $1 {Weiß tauscht
die Damen mit Tempo.} Qxe1 26. Rxe1 {[%cal Ge1e4]} Rfe8 27. Bh5 $16 {[%cal
Gh5e8,Rd4e4,Re1e4]} e3 28. Rd3 (28. Bxg6 hxg6 29. Rd3 $16) 28... e2 (28... Nf4
29. Bxe8 Nxd3 30. Rxe3 Ne5 31. Bh5 $16) 29. Bxg6 hxg6 30. Kg1 $1 {[%csl Re2]
[%cal Rg1f2] Der weiße König kommt ins Spiel.} (30. Rd2 $6 Re3 31. Rb2 $14)
30... b5 31. d6 $5 $18 {Weiß beschäftigt sich nicht mit dem b-Bauern, sein
d-Bauer entscheidet die Partie.} (31. axb5 axb5 32. cxb5 Re5 (32... Rb8 33. d6
Rxb5 34. d7 Rd8 35. Rxe2 $18) 33. d6 Re6 34. d7 Re7 35. b6 Rexd7 36. Rxd7 Rxd7
37. Rxe2 Rb7 38. Re6 $18) 31... bxc4 32. bxc4 Re5 (32... Re4 33. c5 Rc4 34. Rd5
$18) 33. Kf2 Rc5 34. Rc1 (34. Rxe2 Rxc4 35. d7 $18 {[%csl Gd7]}) 34... Re8 35.
Re1 (35. d7 Rf5+ 36. Ke1 Rf1+ 37. Kd2 e1=Q+ 38. Rxe1 Rfxe1 39. dxe8=Q+ (39.
d8=Q R1e2+ 40. Kc3 Rxd8 41. Rxd8+ $16) 39... Rxe8 40. Rd6 $18) 35... Re4 (35...
Rd8 36. Rxe2 $18) 36. d7 {[%csl Gd7] Schwarz gab auf.} 1-0

[Event "San Martin"]
[Site "San Martin"]
[Date "1994.??.??"]
[Round "2"]
[White "Sanchez Almeyra, Jorge"]
[Black "Slipak, Sergio"]
[Result "0-1"]
[WhiteElo "2435"]
[BlackElo "2460"]
[Annotator "Ribli,Z"]
[PlyCount "68"]
[EventDate "1994.04.??"]
[EventType "tourn"]
[EventRounds "11"]
[EventCountry "ARG"]
[EventCategory "9"]
[SourceTitle "CBM 042"]
[Source "ChessBase"]
[SourceDate "1994.10.01"]
[SourceVersion "1"]
[SourceVersionDate "1994.10.01"]
[SourceQuality "1"]

1. e4 c5 2. Nf3 e6 3. d4 cxd4 4. Nxd4 a6 5. Bd3 Bc5 6. Nb3 Ba7 7. O-O Nc6 8.
Qg4 Nf6 9. Qg3 (9. Qxg7 $5) 9... d6 10. Nc3 b5 $5 (10... Ne5 $6 11. Be2 Ng6 12.
h4 e5 13. h5 Nf8 14. Bg5 $16 {Kurajica,B-Capelan,G/Solingen/1974/}) (10... h5
$5 {Minic}) 11. a3 $6 (11. Kh1 $5 Bb7 (11... h5 $5) 12. f4 O-O 13. Bd2 Kh8 14.
Rac1 Nb4 15. f5 $36 {Van der Weide,P-Smejkal,J/Amsterdam/1971/}) 11... Bb7 12.
Kh1 Qe7 $5 13. f4 h5 $1 14. Be3 h4 15. Qh3 Bxe3 16. Qxe3 h3 17. g3 Qc7 18. Be2
O-O $13 19. Bf3 e5 20. f5 (20. Nd5 Nxd5 21. exd5 Ne7 $1 $13 (21... exf4 $2 22.
Qc3 $18)) 20... b4 21. axb4 (21. Nd5 Nxd5 22. exd5 Ne7 $15) 21... Nxb4 $15 22.
Rf2 a5 $1 23. Rd2 a4 $1 24. Nc1 (24. Rxa4 Nxc2 $1 25. Rxc2 Rxa4 $19) 24... Rfd8
25. Nd3 (25. Rxa4 Nxc2 26. Rxc2 Rxa4 $19) 25... Nc6 26. Nb5 (26. Nd5 Nxd5 27.
exd5 Ne7 $17) 26... Qa5 27. Nc3 Nd4 28. Rxa4 Qxa4 $1 29. Nxa4 Nxf3 30. b3 Nxd2
31. Qxd2 Nxe4 32. Qb4 Bc6 33. Kg1 Rdb8 $1 34. Qc4 Rxa4 0-1

[Event "EU-chT (Men) 13th"]
[Site "Leon"]
[Date "2001.11.13"]
[Round "7.2"]
[White "Vallejo Pons, Francisco"]
[Black "Miezis, Normunds"]
[Result "1-0"]
[WhiteElo "2630"]
[BlackElo "2501"]
[Annotator "Ribli,Z"]
[PlyCount "167"]
[EventDate "2001.11.06"]
[EventType "team-swiss"]
[EventRounds "9"]
[EventCountry "ESP"]
[SourceTitle "CBM 086"]
[Source "ChessBase"]
[SourceDate "2002.02.05"]
[SourceVersion "1"]
[SourceVersionDate "2002.02.05"]
[SourceQuality "1"]
[WhiteTeam "Spain"]
[BlackTeam "Latvia"]
[WhiteTeamCountry "ESP"]
[BlackTeamCountry "LAT"]

1. e4 c5 2. Nf3 e6 3. d4 cxd4 4. Nxd4 a6 5. Bd3 Nc6 {GM Miezis wählt immer
diese Variante, in der Schwarz immer nahe am Ausgleich ist, Weiß aber einen
kleinen, aber dauerhaften Vorteil behält.} 6. Nxc6 dxc6 {Die Bauernstellung
ist symetrisch. Weiß ist jedoch am Zug und hat Entwicklungsvorsprung.} (6...
bxc6 $6 7. O-O d5 8. c4 $14) 7. Nd2 {Weiß bereitet das sofortige Nc4 vor -
dieser Zug ist präziser als die schablonenhafte Rochade. Das Feld b6 ist eine
Schwäche in der schwarzen Stellung.} (7. O-O) 7... e5 8. Nc4 (8. Qh5 Bd6 9. Nc4
Bc7 (9... Nf6 10. Nxd6+ Qxd6 11. Qe2 O-O 12. O-O Be6 13. b3 $14 {Aufgrund des
Läuferpaares hat Weiß die etwas besseren Chancen.}) 10. Bg5 Nf6 11. Qe2 h6 12.
Bh4 Qe7 13. O-O-O Be6 14. f4 $14) 8... Be6 (8... Nf6 9. Bd2 Bd6 10. Nxd6+ (10.
a4 Be6 11. Qe2 O-O 12. a5 Qe7 13. O-O Bxc4 14. Bxc4 Rfd8 15. Rfd1 Rd7 16. c3
Rad8 {1/2-1/2 Kaiumov,D-Miezis,N/Hastings 1999/EXT 2000 (25)}) 10... Qxd6 11.
Qe2 O-O 12. O-O Be6 13. Rfd1 Nd7 14. a4 Qc7 15. a5 Nc5 16. Be3 Nxd3 17. cxd3
Rfe8 18. f3 Qe7 19. Qc2 Rad8 20. Qc3 {1/2-1/2 Nijboer,F-Hauchard,A/Mondariz
2000/CBM 79 (90)}) 9. Bd2 {[%csl Yb6][%cal Gd2a5,Ga5d8] Natürlich kann Weiß
wegen 9...Qa5+ nicht auf e5 nehmen.} (9. Qh5 Bb4+ 10. Ke2 (10. Kf1 Nf6 11. Qxe5
O-O 12. Bg5 Bxc4 13. Bxc4 Ng4 14. Qf5 Qd4 15. Bb3 Qxb2 16. Rd1 Ne5 {1/2-1/2
Womacka,M-Kekelidze,M/Seefeld 1999/EXT 2001 (31)}) 10... Bxc4 11. Bxc4 Qe7 12.
Rd1 Nf6 13. Qf5 O-O 14. Rd3 b5 15. Bb3 Rad8 16. Bg5 h6 17. Bxf6 Qxf6 18. Qxf6
gxf6 19. Rad1 {1-0 Sax,G-Fancsy,I/HUN tt Sárospatak-Miskolc 2001 (37)}) 9...
Bxc4 {Schwarz gibt seinen Läufer auf, verhindert mit dem Textzug aber das
mögliche Ba5.} (9... Bd6) 10. Bxc4 {[%csl Gc4] Weiß hat das Läuferpaar,
besonders sein Bc4 steht aktiv auf der Diagonale a2 - g8.} Qd4 {[%cal Rd4e4,
Rd4c4,Rd4b2] Die Dame steht zwar aktiv auf d4 - aber was ist mit all den
anderen Figuren?} 11. Qe2 b5 (11... Qxb2 12. O-O $44 {Weiß hat großen
Entwicklungsvorsprung - das ist mindestens ausreichende Kompensation für den
Bauern.}) 12. Bb3 Nf6 (12... Qxb2 13. O-O $44 {[%csl Rb2]}) 13. O-O-O $36 {
Weiß opfert vorübergehend einen Bauern, gewinnt ihn aber mit besserer Stellung
zurück.} Qxe4 14. Rhe1 $5 (14. Qxe4 Nxe4 15. Rhe1 Nxd2 (15... f5 $6 16. f3 Nxd2
17. Rxe5+ $16) 16. Rxe5+ (16. Rxd2 Be7) 16... Be7 17. Rxd2 Rd8 18. Rde2 (18.
Rxd8+ Kxd8 19. Bxf7 Rf8 $11) 18... Rd7 $11) 14... Qxe2 15. Rxe2 {Weiß hat mehr
als ausreichende Kompensation für den Bauern - alle seine Figuren stehen aktiv.
} e4 (15... Bd6 16. Bc3 {[%cal Rd1d6,Re2e8]} Bc7 17. Bxe5 Bxe5 18. Rxe5+ Kf8
19. Rd6 Rc8 20. Rc5 $18) 16. g4 $1 $14 {[%mdl 128] Droht 17.g5. Danach gewinnt
Weiß den Bauern mit großer Initiative zurück.} (16. f3 Bd6 17. fxe4 (17. Bc3
Bf4+ 18. Kb1 $36) 17... Be5 $11 {[%csl Ge5]}) 16... h6 (16... O-O-O 17. Bxf7 h6
(17... Nxg4 $4 18. Be6+ $18 {[%cal Re6g4,Re6c8]}) 18. h4 Bc5 19. g5 hxg5 20.
hxg5 Nd5 21. Rxe4 Bxf2 22. Be6+ Kb8 23. Bxd5 Rxd5 24. Re7 $14) 17. h4 Bd6 $6 (
17... O-O-O) 18. g5 hxg5 19. hxg5 Nd5 20. Rxe4+ Kd7 (20... Kf8 21. Bxd5 cxd5
22. Rd4 $16) 21. Bxd5 cxd5 22. Rd4 {[%csl Rd5] Der Pd5 ist chronisch schwach.}
Kc6 23. Be3 Rad8 24. Rxd5 $16 {Weiß hat nunmehr einen gesunden Mehrbauern.
Allerdings ist die Realisierung des Vorteils gar nicht leicht, da das Material
bereits weit reduziert ist.} g6 {Die schwarzen Bauern werden auf den weißen
Feldern platziert - das ist die beste Verteidigung.} 25. c3 Be7 26. Rxd8 Bxd8 (
26... Rxd8 27. Rxd8 (27. Rh1 $16 {[%cal Gh1h8]}) 27... Bxd8 28. Kc2 Kd5 29. Kd3
$16) 27. Kc2 Be7 {[%cal Gh8h1] Schwarz kontrolliert die h - Linie, sein König
steht aktiv auf c6.} 28. Rd4 Rh5 29. Rg4 (29. f4 Rh2+ $16) 29... Kd5 30. a4 {
Weiß beabsichtigt, seine Bauernmehrheit am Damenflügel zu mobilisieren.} Bd6 {
Natürlich nimmt Schwarz nicht auf a4 - durch Wartezüge möchte er die Stellung
belassen, wie sie ist.} (30... Kc6) 31. Kb3 (31. a5) 31... Kc6 32. Kc2 Rh3 (
32... Kd5) 33. a5 (33. axb5+ axb5) 33... Rf3 {[%csl Gf3]} 34. b4 Rh3 (34... Kd5
) 35. Bf4 Be7 (35... Bxf4 36. Rxf4 Rh7 37. Rf6+ $16) 36. Be3 Bd6 37. Rd4 Rh1
38. Bf4 Be7 39. Be5 {[%csl Ge5]} Re1 (39... Bxg5 40. Rd6+ Kb7 41. Rd7+ $18) 40.
f4 Re2+ 41. Kd3 Re1 $14 {Der schwarze Turm steht aktiv auf e1, während der Rd4
keine Eindringungsfelder in der schwarzen Stellung findet.} 42. Kd2 Ra1 43. Ke2
Rh1 44. Kf2 (44. Rd3 Rh2+ 45. Kf3 Rh3+ 46. Ke4 Rxd3 47. Kxd3 Kd5 $11) 44... Rc1
(44... Rh3 $14) 45. Rd3 Rc2+ 46. Kf3 Rh2 47. Rd1 Rh3+ 48. Kg4 Rh2 49. Kg3 Rh5 {
Jetzt steht der Turm passiv auf h5 - er kontrolliert zwar die h - Linie, aber
hat dort nur zwei freie Felder (h5 und h7).} 50. Re1 {[%cal Ge1e7]} Kd7 (50...
Kd5 51. Bc7 Bf8 52. Re8 Bg7 53. Be5 $16) 51. Rc1 {[%cal Gc3c4]} Kc6 52. c4 {
Weiß verliert die Geduld und gibt das Material zurück. Aber ich sehe auch
keinen Weg, wie er sonst vorankommen kann.} (52. Rd1 $22 Rh7 $8 (52... Bf8 53.
Rd8 $18) 53. Re1 Kd7 54. Rc1 Kc6 55. c4 Bxb4 56. Rb1 Bxa5 57. Ra1 Bd8 58. Rxa6+
Kc5 59. cxb5 Kxb5 60. Ra7 Kc6 $11) 52... Bxb4 (52... bxc4 $2 53. Rxc4+ Kb5 54.
Rc7 Bxb4 55. Rxf7 $16) 53. Rb1 (53. cxb5+ $1 Kxb5 54. Rc7 Rh7 55. f5 {[%cal
Gc7h7]} Rh5 (55... gxf5 56. g6 $16) (55... Be1+ 56. Kf3 (56. Kg2 $6 Rh5 57. Bf6
Bh4 58. Rxf7 Bxg5 59. fxg6 Bxf6 60. Rxf6 Rg5+ 61. Kf3 Kxa5 62. Kf4 Rg1 63. Rf5+
Kb4 64. Rg5 Rf1+ 65. Ke5 Rf8 66. g7 Rg8 67. Kf6 a5 68. Kf7 Ra8 69. g8=Q Rxg8
70. Rxg8 a4 71. Ke6 a3 72. Ra8 Kb3 $11) 56... gxf5 57. g6 Rh3+ 58. Kg2 $18) 56.
Bf4 $1 (56. Bf6 $4 Bd6+ $19) (56. Kg4 Rh1 57. Rxf7 Rg1+ 58. Kf4 (58. Bg3 Bd6
$17) 58... Bd2+ 59. Ke4 $11 (59. Kf3 Rxg5)) 56... Bxa5 57. Rxf7 gxf5 58. Rxf5+
Ka4 59. Kg4 (59. g6 Rxf5 60. g7 Bc7 $1 61. g8=Q (61. Bxc7 $2 Rg5+ $19) 61...
Rxf4 $11) 59... Rh1 $14) 53... Bxa5 (53... Bc5 54. cxb5+ axb5 55. a6) 54. Ra1
Bd8 55. Rxa6+ Kc5 56. cxb5 Kxb5 57. Ra7 Bxg5 $5 {Schwarz gibt den Läufer für
zwei Bauern. Daraus resultiert eine theoretische Remisstellung.} (57... Rh7 58.
Rd7 $1 (58. f5 Rh5 59. Bf6 Bxf6 60. gxf6 Rg5+ 61. Kh4 Rxf5 62. Rxf7 Kc6 $11)
58... Bb6 59. f5 $16) 58. Rxf7 (58. fxg5 Rxg5+ 59. Kf4 Rf5+ 60. Ke4 $11) 58...
Bxf4+ (58... Kc4 59. Rg7 (59. fxg5 $6 {Diese Fortsetzung führt sofort zu Remis.
} Rxg5+ 60. Kf4 Rf5+ $11) 59... Bxf4+ $11) 59. Bxf4 Rf5 60. Rg7 Rf6 61. Be5 (
61. Kg4) 61... Rf5 $6 (61... Re6 62. Kf4 {Auch in diesem Fall kann Weiß den
Pg6 gewinnen - er entfernt den Läufer, und später kommt Kg5 und Bf6.}) 62. Bb2
g5 63. Bc1 Kc6 64. Kg4 Rf1 65. Bxg5 $14 {[%mdl 4096] Dieses Endspiel wurde
schon oft in der Turnierpraxis gespielt - bei guter Verteidigung kann Schwarz
das Remis halten, aber in einer praktischen Partie mit eingeschränkter
Bedenkzeit hat der Spieler mit R+B reelle Gewinnchancen.} Kd5 66. Re7 {[%cal
Ge8e1] Das ist das Schlüeselmotiv in diesem Endspiel - jetzt ist dem schwarzen
König die e - Liniegenommen..} Kd6 67. Re2 Kd5 68. Bf4 Rh1 69. Re5+ Kc6 70. Kf3
Rf1+ 71. Ke4 Re1+ 72. Be3 Kd6 (72... Rd1 $5 73. Re6+ Rd6 $14) 73. Rd5+ Ke6 74.
Ra5 Kd6 75. Ra6+ Kc7 76. Kd4 Kb7 (76... Rd1+) 77. Re6 Re2 78. Kd5 Ra2 (78...
Re1 $2 79. Re7+ Ka6 (79... Ka8 80. Kc6 $18) (79... Kc8 80. Kc6 Kd8 81. Re4 $18)
80. Kc6 $18) (78... Rc2 $1 $14) 79. Re7+ Kc8 80. Kc6 $18 {Jetzt haben wir eine
gut bekannte Gewinnstellung von Philidor (in 1749) und Lolli (in 1763)
erreicht - der schwarze König befindet sich im Mattnetz.} Kd8 (80... Rc2+ 81.
Bc5 Rd2 82. Rf7 Rd1 (82... Rd8 83. Be7 Rg8 84. Rf5 Rg6+ (84... Kb8 85. Bd6+ Kc8
86. Ra5 $18) 85. Bd6 Rg8 86. Ra5 $18) 83. Ra7 Rb1 (83... Kb8 84. Ra4 Rc1 85.
Re4 $18) 84. Ba3 $1 Kb8 (84... Rb3 85. Bd6 Rc3+ 86. Bc5 Rb3 87. Rc7+ Kb8 88.
Rf7 $18) 85. Re7 Ka8 86. Re4 Rb7 87. Re5 $22 $18) 81. Re4 {Droht Matt in zwei
Zügen.} Rc2+ 82. Bc5 Rc1 83. Re2 Rc3 84. Rf2 {[%cal Rf2f8,Rf8d8]} 1-0

[Event "Asia-ch"]
[Site "Kolkata"]
[Date "2001.08.09"]
[Round "1"]
[White "Thipsay, Praveen Mahadeo"]
[Black "Kotsur, Pavel"]
[Result "1-0"]
[WhiteElo "2453"]
[BlackElo "2600"]
[Annotator "Ribli,Z"]
[PlyCount "49"]
[EventDate "2001.08.09"]
[EventType "swiss"]
[EventRounds "11"]
[EventCountry "IND"]
[SourceTitle "CBM 085"]
[Source "ChessBase"]
[SourceDate "2001.11.13"]
[SourceVersion "1"]
[SourceVersionDate "2001.11.13"]
[SourceQuality "1"]

1. e4 c5 2. Nf3 e6 3. d4 cxd4 4. Nxd4 a6 5. Bd3 d6 {Das ist eine
zurückhaltende Fortsetzung - die üblicheren Alternativen lauten 5...Bc5, 5...
Nc6, 5...g6, 5...Nf6.} 6. O-O Bd7 7. Nc3 {Gewöhnlich spielt man 7.c4 mit
Raumvorteil am Damenflügel. Aber der Textzug ist auch logisch, Weiß strebt
schnelle Entwicklung seiner Figuren an.} (7. c4 Nc6 8. Nf3 Nf6 9. Nc3 Be7 10.
h3 h6 11. Be3 Rb8 12. Qe2 O-O 13. Rfd1 Qc7 14. Rac1 Ne5 15. Nxe5 dxe5 16. c5
Rfd8 17. b4 Be8 18. a3 Rbc8 {0-1 Nikolaidis,K-Tosic,M/Panormo 1998/CBM 67 ext 
(40)}) 7... Nf6 8. Be3 (8. Kh1) 8... Nc6 9. f4 h5 $6 {Dieser extravagante Zug
gefällt mir nicht. Schwarz plant Ng4, aber der Textzug schwächt die schwarze
Königsstellung.} (9... Qb6 10. Na4 Qa5 11. Nxc6 Qxa4 (11... Bxc6 12. Nb6 $14)
12. Nd4 $14) (9... Be7) 10. Kh1 Qc7 (10... Ng4 11. Bg1 $14) 11. Nf3 $14 {
Weiß ist besser entwickelt. zudem hat er eine potentielle Angriffsstellung.
Aufgrund von 9...h5?! ist es nicht leicht für Schwarz, seinen König in
Sicherheit zu bringen.} Be7 12. Qe1 O-O-O $6 {[%mdl 16384]} (12... b5 $14) 13.
Na4 {[%csl Yb6][%cal Re3b6,Rb6d8]} d5 $6 (13... Qb8 14. Nb6+ Kc7 15. a4 $16) (
13... Rdg8 14. Bb6 Qb8 15. Rd1 $16) (13... Nd4 14. Nb6+ Qxb6 15. Bxd4 $14) 14.
e5 (14. Bb6 Qxf4 15. Bxd8 Kxd8 16. Nc3 $16) 14... Ng4 (14... d4 15. exf6 gxf6
16. Bg1 (16. Bd2 b5 17. b3 bxa4 18. Bxa6+ Kb8 19. bxa4 $16) 16... b5 17. Nxd4
Nxd4 18. Bxd4 bxa4 19. Bxa6+ Kb8 20. Qf2 $18) 15. Bb6 Qb8 16. Nc5 $5 {[%csl
Rb8,Gc5,Rc8][%cal Rc5a6] Weiß nimmt nicht auf d8 - was nebenbei bemerkt auch
gut wäre. Jetzt droht 17.Nxa6.} (16. Bxd8 Bxd8 $16) 16... Bxc5 17. Bxc5 $16 {
[%csl Gc5] Der weißfeldrige Läufer des Anziehenden beherrscht das Brett. Die
schwarze Stellung ist strategisch bereits verloren.} f6 (17... Qc7 18. b4 $16)
18. Bd6 Qa7 19. b4 {[%mdl 128] Weiß verfolgt einen einfachen Plan - es droht
20.a4 nebst 21.b5 mit tödlichem Angriff.} Qe3 (19... Nd4 20. Bc5 Nxf3 21. gxf3
b6 22. Bd4 fxe5 23. fxe5 Nh6 24. a4 $16) 20. a4 Qxe1 21. Raxe1 {Der
Damentausch ändert nichts an dem Problem von Schwarz. Seine Königsstellung ist
schwach wie zuvor, und es droht 22.b5 mit entscheidendem Angriff.} a5 22. b5
Nb4 (22... Na7 23. Bc5 Kb8 24. Bb6 $16) 23. Nd4 (23. Bxb4 axb4 24. a5 $16)
23... f5 (23... Nxd3 24. cxd3 $18 {[%cal Re1c1,Rc1c8]}) 24. Be2 $18 {[%csl Rb4]
Nun verliert Schwarz eine Figur - der Nb4 steht hoffnungslos schlecht.} b6 25.
c3 {[%csl Rb4]} (25. c3 Na2 26. Ra1 Nxc3 27. Rac1 $18) 1-0